[Event "41st Arco Open 2019"]
[Site "Arco"]
[Date "2019.10.11"]
[Round "8"]
[White "Knors, Rudi"]
[Black "Luciani, Carlo"]
[Result "1/2-1/2"]
[WhiteElo "2075"]
[BlackElo "2197"]
[Annotator "NA"]
[PlyCount "52"]
[EventDate "2019.10.04"]
[EventType "swiss"]
[EventCountry "ITA"]
[SourceTitle "playchess.com"]
[Source "ChessBase"]
[SourceQuality "1"]
[TimeControl "40/5400+30:1800+30"]

1. d4 {[%emt 0:00:30]} Nf6 {[%emt 0:00:30]} 2. c4 {[%emt 0:00:30]} g6 {[%emt 0:00:00]} 3. Nc3 {[%emt 0:00:00]} Bg7 {[%emt 0:00:00]} 4. e4 {[%emt 0:00:00]} d6 5. f3 {[%emt 0:00:30]} O-O {[%emt 0:01:00]} 6. Be3 {[%emt 0:00:30]} Nc6 {[%emt 0:29:30]} 7. Qd2 {[%emt 0:01:30]} a6 {[%emt 0:00:00]} 8. Nge2 {[%emt 0:00:00]} Rb8 {[%emt 0:00:00]} 9. Rc1 {[%emt 0:03:00]} Bd7 {[%emt 0:00:00]} 10. Nd1 {[%emt 0:01:30]} e6 {[%emt 0:00:00]} 11. g3 {[%emt 0:03:30]} b6 {[%emt 0:00:00]} 12. Bg2 {[%emt 0:04:30]} Ne7 {[%emt 0:00:00]} 13. O-O {[%emt 0:01:30]} c5 {[%emt 0:00:00]} 14. Nf2 {[%emt 0:01:30]} Qc7 {[%emt 0:00:00]} 15. Rfd1 {[%emt 0:02:30]} Rfd8 {[%emt 0:00:00]} 16. Bg5 {[%emt 0:10:30]} Nc6 {[%emt 0:05:00]} 17. Qf4 Nh5 {[%emt 0:11:30]} 18. Bxd8 {[%emt 0:10:00]} Rxd8 19. Qd2 {[%emt 0:08:30]} Nxd4 {[%emt 0:02:00]} 20. Nxd4 {[%emt 0:04:30]} Bxd4 21. Kh1 {[%emt 0:01:30]} Bc6 {[%emt 0:04:00]} 22. Nd3 {[%emt 0:02:30]} Nf6 {[%emt 0:00:00]} 23. Qf4 {[%emt 0:08:30]} Nh5 {[%emt 0:00:00]} 24. Qd2 {[%emt 0:00:30]} Nf6 {[%emt 0:00:00]} 25. Qf4 {[%emt 0:02:30]} Nh5 {[%emt 0:00:00]} 26. Qd2 {[%emt 0:00:00]} Nf6 {[%emt 0:00:00]} 1/2-1/2

[Event "41st Arco Open 2019"]
[Site "Arco"]
[Date "2019.10.11"]
[Round "8"]
[White "Fehr, Axel"]
[Black "Horvath, Jozsef"]
[Result "0-1"]
[WhiteElo "2045"]
[BlackElo "2450"]
[Annotator "ChessBase"]
[PlyCount "73"]
[EventDate "2019.10.04"]
[EventType "swiss"]
[EventCountry "ITA"]
[SourceTitle "playchess.com"]
[Source "ChessBase"]
[SourceQuality "1"]
[TimeControl "40/5400+30:1800+30"]

1. e4 {[%emt 0:00:30]} c5 {[%emt 0:00:30]} 2. Nf3 {[%emt 0:00:00]} e6 {[%emt 0:03:30]} 3. Qe2 {[%emt 0:04:00]} Nc6 {[%emt 0:00:30]} 4. g3 {[%emt 0:02:30]} g6 5. Bg2 {[%emt 0:03:30]} Bg7 {[%emt 0:10:00]} 6. O-O Nge7 {[%emt 0:00:30]} 7. d3 {[%emt 0:09:00]} d6 {[%emt 0:06:30]} 8. c3 {[%emt 0:03:30]} O-O {[%emt 0:01:30]} 9. Na3 {[%emt 0:06:30]} e5 {[%emt 0:16:30]} 10. Nh4 {[%emt 0:27:30]} Be6 {[%emt 0:05:30]} 11. f4 {[%emt 0:06:30]} Qd7 {[%emt 0:01:30]} 12. Be3 {[%emt 0:03:30]} exf4 {[%emt 0:03:30]} 13. gxf4 {[%emt 0:02:30]} f5 14. Nf3 {[%emt 0:05:30]} h6 {[%emt 0:08:00]} 15. e5 {[%emt 0:00:00]} dxe5 {[%emt 0:14:30]} 16. Nxe5 {[%emt 0:15:11]} Nxe5 17. fxe5 {[%emt 0:00:10]} Rac8 {[%emt 0:04:00]} 18. d4 {[%emt 0:01:48]} cxd4 {[%emt 0:00:30]} 19. Bxd4 {[%emt 0:00:41]} b6 {[%emt 0:03:51]} 20. Rad1 {[%emt 0:00:25]} Qe8 {[%emt 0:05:26]} 21. c4 {[%emt 0:02:39]} f4 {[%emt 0:10:14]} 22. b3 {[%emt 0:01:07]} g5 {[%emt 0:00:00]} 23. Nb5 {[%emt 0:00:00]} Nf5 {[%emt 0:00:00]} 24. Nd6 {[%emt 0:03:04]} Nxd4 {[%emt 0:03:06]} 25. Rxd4 {[%emt 0:00:02]} Qd7 {[%emt 0:00:00]} 26. Rfd1 {[%emt 0:00:16]} Bg4 {[%emt 0:00:46]} 27. Qe4 {[%emt 0:01:55]} Rc5 {[%emt 0:01:46]} 28. e6 {[%emt 0:00:21]} Qxe6 {[%emt 0:00:21]} 29. Qxe6+ {[%emt 0:00:00]} Bxe6 {[%emt 0:00:06]} 30. R4d3 {[%emt 0:00:00]} g4 {[%emt 0:00:00]} 31. Ne4 {[%emt 0:00:07]} Re5 {[%emt 0:01:00]} 32. Nc3 {[%emt 0:01:20]} f3 {[%emt 0:00:30]} 33. Bf1 {[%emt 0:00:00]} h5 {[%emt 0:00:00]} 34. Nd5 {[%emt 0:00:10]} Bh8 {[%emt 0:01:00]} 35. Re3 {[%emt 0:01:20]} f2+ {[%emt 0:00:30]} 36. Kg2 {[%emt 0:00:00]} Rxe3 {[%emt 0:00:00]} 37. Nxe3 {[%emt 0:00:10]} 0-1

[Event "41st Arco Open 2019"]
[Site "Arco"]
[Date "2019.10.12"]
[Round "9"]
[White "Halkias, Stelios"]
[Black "Okhotnik, Vladimir"]
[Result "1-0"]
[WhiteElo "2530"]
[BlackElo "2352"]
[Annotator "ChessBase"]
[PlyCount "69"]
[EventDate "2019.10.04"]
[EventType "swiss"]
[EventCountry "ITA"]
[SourceTitle "playchess.com"]
[Source "ChessBase"]
[SourceQuality "1"]
[TimeControl "40/5400+30:1800+30"]

1. Nf3 {[%emt 0:00:30]} g6 {[%emt 0:00:30]} 2. d4 {[%emt 0:01:30]} Bg7 {[%emt 0:01:30]} 3. e4 {[%emt 0:00:30]} c6 {[%emt 0:00:00]} 4. Nc3 {[%emt 0:03:30]} d5 5. h3 {[%emt 0:00:30]} Nf6 {[%emt 0:02:30]} 6. e5 {[%emt 0:08:30]} Ne4 {[%emt 0:00:30]} 7. Bd3 {[%emt 0:00:30]} Nxc3 {[%emt 0:00:00]} 8. bxc3 c5 {[%emt 0:00:00]} 9. O-O {[%emt 0:01:00]} c4 {[%emt 0:00:00]} 10. Be2 {[%emt 0:00:30]} Qa5 {[%emt 0:00:00]} 11. Bd2 {[%emt 0:03:30]} Bd7 {[%emt 0:27:30]} 12. a4 {[%emt 0:12:30]} Bxa4 {[%emt 0:00:00]} 13. e6 {[%emt 0:01:30]} f6 {[%emt 0:00:00]} 14. Nh2 {[%emt 0:03:30]} Nc6 {[%emt 0:00:00]} 15. Ng4 {[%emt 0:00:00]} Nd8 {[%emt 0:00:00]} 16. Ne3 {[%emt 0:21:00]} Nxe6 {[%emt 0:00:00]} 17. Nxd5 {[%emt 0:00:30]} Qxd5 {[%emt 0:00:00]} 18. Rxa4 {[%emt 0:05:30]} Qd7 {[%emt 0:41:30]} 19. Qa1 {[%emt 0:09:30]} b5 {[%emt 0:00:00]} 20. Ra5 {[%emt 0:00:30]} Kf7 {[%emt 0:00:00]} 21. Bf3 {[%emt 0:00:30]} Rac8 {[%emt 0:00:00]} 22. Rxa7 {[%emt 0:00:00]} Rc7 {[%emt 0:00:00]} 23. Ra6 {[%emt 0:01:00]} b4 {[%emt 0:00:00]} 24. Qa5 {[%emt 0:06:44]} Rd8 {[%emt 0:00:00]} 25. Qxb4 {[%emt 0:01:02]} Bf8 {[%emt 0:11:45]} 26. Qa5 {[%emt 0:01:59]} Rcc8 {[%emt 0:00:00]} 27. Re1 {[%emt 0:00:00]} Nc7 {[%emt 0:00:00]} 28. Rc6 {[%emt 0:03:20]} Ne8 {[%emt 0:00:00]} 29. Rxc8 {[%emt 0:00:37]} Qxc8 {[%emt 0:00:00]} 30. Bd5+ {[%emt 0:00:59]} Kg7 {[%emt 0:00:00]} 31. Bxc4 {[%emt 0:00:58]} e5 {[%emt 0:00:00]} 32. Bb3 Bd6 {[%emt 0:00:00]} 33. Qd5 {[%emt 0:05:58]} g5 {[%emt 0:13:31]} 34. Qf7+ {[%emt 0:01:39]} Kh6 {[%emt 0:00:00]} 35. h4 {[%emt 0:00:30]} 1-0

[Event "41st Arco Open 2019"]
[Site "Arco"]
[Date "2019.10.12"]
[Round "9"]
[White "Horvath, Csaba"]
[Black "Fecker, Noah"]
[Result "1/2-1/2"]
[WhiteElo "2503"]
[BlackElo "2240"]
[Annotator "RC"]
[PlyCount "24"]
[EventDate "2019.10.04"]
[EventType "swiss"]
[EventCountry "ITA"]
[SourceTitle "playchess.com"]
[Source "ChessBase"]
[SourceQuality "1"]
[TimeControl "40/5400+30:1800+30"]

1. e4 {[%emt 0:00:30]} c5 {[%emt 0:00:30]} 2. Nf3 {[%emt 0:00:00]} e6 {[%emt 0:00:00]} 3. g3 {[%emt 0:00:00]} Nc6 {[%emt 0:02:00]} 4. Bg2 {[%emt 0:00:00]} Nf6 5. Qe2 {[%emt 0:01:00]} e5 {[%emt 0:05:00]} 6. O-O {[%emt 0:01:30]} Be7 {[%emt 0:00:30]} 7. c3 {[%emt 0:01:30]} O-O {[%emt 0:02:30]} 8. Rd1 {[%emt 0:20:30]} Re8 {[%emt 0:14:30]} 9. d4 {[%emt 0:02:30]} cxd4 {[%emt 0:06:30]} 10. cxd4 {[%emt 0:00:30]} exd4 {[%emt 0:03:30]} 11. e5 {[%emt 0:06:30]} Bf8 12. Qd3 {[%emt 0:05:30]} Nxe5 {[%emt 0:14:00]} 1/2-1/2

[Event "41st Arco Open 2019"]
[Site "Arco"]
[Date "2019.10.12"]
[Round "9"]
[White "Horvath, Jozsef"]
[Black "Huemmer Bernd"]
[Result "1-0"]
[WhiteElo "2450"]
[BlackElo "2150"]
[Annotator "ChessBase"]
[PlyCount "49"]
[EventDate "2019.10.04"]
[EventType "swiss"]
[EventCountry "ITA"]
[SourceTitle "playchess.com"]
[Source "ChessBase"]
[SourceQuality "1"]
[TimeControl "40/5400+30:1800+30"]

1. d4 {[%emt 0:00:30]} Nf6 {[%emt 0:00:30]} 2. Nc3 {[%emt 0:00:30]} d5 {[%emt 0:00:00]} 3. Bf4 {[%emt 0:00:00]} Nh5 {[%emt 0:06:00]} 4. Be5 {[%emt 0:23:00]} f6 5. e4 {[%emt 0:04:30]} g6 {[%emt 0:05:00]} 6. Bg3 {[%emt 0:00:30]} Nxg3 {[%emt 0:00:30]} 7. hxg3 {[%emt 0:00:30]} dxe4 {[%emt 0:10:30]} 8. Nxe4 Bg7 {[%emt 0:02:30]} 9. Bc4 {[%emt 0:11:00]} Nc6 {[%emt 0:07:30]} 10. c3 {[%emt 0:03:30]} Na5 {[%emt 0:04:30]} 11. Bd3 {[%emt 0:13:30]} Bf5 {[%emt 0:26:30]} 12. Nc5 {[%emt 0:06:30]} Bxd3 {[%emt 0:00:00]} 13. Qxd3 {[%emt 0:00:30]} Kf7 {[%emt 0:00:00]} 14. b4 {[%emt 0:07:30]} b6 {[%emt 0:16:29]} 15. Na6 Nb7 {[%emt 0:01:13]} 16. Qc4+ {[%emt 0:01:00]} e6 {[%emt 0:00:00]} 17. Nxc7 {[%emt 0:00:30]} Qc8 {[%emt 0:06:46]} 18. d5 {[%emt 0:17:02]} exd5 {[%emt 0:02:34]} 19. Qxd5+ {[%emt 0:00:00]} Ke7 {[%emt 0:03:14]} 20. Qe4+ {[%emt 0:00:00]} Kd7 {[%emt 0:00:35]} 21. Nb5 {[%emt 0:00:00]} Nd6 {[%emt 0:00:30]} 22. O-O-O {[%emt 0:01:30]} Bf8 {[%emt 0:01:55]} 23. Nf3 {[%emt 0:03:00]} Qa6 {[%emt 0:00:57]} 24. Qd5 {[%emt 0:02:37]} Rc8 {[%emt 0:00:30]} 25. Rhe1 {[%emt 0:01:24]} 1-0

[Event "41st Arco Open 2019"]
[Site "Arco"]
[Date "2019.10.12"]
[Round "9"]
[White "Sarkar, Justin"]
[Black "Scheftlein, Richard"]
[Result "1/2-1/2"]
[WhiteElo "2350"]
[BlackElo "2236"]
[Annotator "ChessBase"]
[PlyCount "33"]
[EventDate "2019.10.04"]
[EventType "swiss"]
[EventCountry "ITA"]
[SourceTitle "playchess.com"]
[Source "ChessBase"]
[SourceQuality "1"]
[TimeControl "40/5400+30:1800+30"]

1. d4 {[%emt 0:03:30]} Nf6 {[%emt 0:00:30]} 2. c4 {[%emt 0:00:00]} e6 {[%emt 0:03:30]} 3. Nc3 {[%emt 0:01:00]} Bb4 {[%emt 0:00:00]} 4. e3 {[%emt 0:01:30]} O-O 5. Bd3 {[%emt 0:01:30]} d5 {[%emt 0:00:00]} 6. Nf3 {[%emt 0:02:30]} c5 {[%emt 0:00:00]} 7. O-O {[%emt 0:00:30]} cxd4 {[%emt 0:02:30]} 8. exd4 {[%emt 0:00:00]} dxc4 {[%emt 0:00:30]} 9. Bxc4 {[%emt 0:01:00]} Nc6 {[%emt 0:00:30]} 10. Bg5 {[%emt 0:00:30]} Be7 {[%emt 0:01:30]} 11. Re1 {[%emt 0:21:30]} h6 {[%emt 0:32:30]} 12. Bf4 {[%emt 0:08:30]} b6 {[%emt 0:00:00]} 13. a3 {[%emt 0:15:30]} Bb7 {[%emt 0:00:00]} 14. Qd3 {[%emt 0:00:30]} Bd6 {[%emt 0:00:00]} 15. Bxd6 {[%emt 0:00:00]} Qxd6 {[%emt 0:00:00]} 16. d5 {[%emt 0:11:00]} exd5 {[%emt 0:00:00]} 17. Nxd5 {[%emt 0:00:30]} 1/2-1/2

[Event "41st Arco Open 2019"]
[Site "Arco"]
[Date "2019.10.12"]
[Round "9"]
[White "Favaloro, Andrea"]
[Black "Shehzad, Shazil"]
[Result "1/2-1/2"]
[WhiteElo "2338"]
[BlackElo "2140"]
[Annotator "ChessBase"]
[PlyCount "52"]
[EventDate "2019.10.04"]
[EventType "swiss"]
[EventCountry "ITA"]
[SourceTitle "playchess.com"]
[Source "ChessBase"]
[SourceQuality "1"]
[TimeControl "40/5400+30:1800+30"]

1. Nf3 {[%emt 0:02:30]} d5 {[%emt 0:00:30]} 2. g3 {[%emt 0:00:00]} c6 {[%emt 0:01:30]} 3. Bg2 {[%emt 0:00:00]} Bg4 {[%emt 0:00:00]} 4. c4 {[%emt 0:00:30]} e6 5. cxd5 {[%emt 0:00:30]} exd5 {[%emt 0:00:00]} 6. O-O {[%emt 0:00:00]} Nf6 {[%emt 0:00:00]} 7. Qb3 {[%emt 0:01:00]} Qc7 {[%emt 0:04:30]} 8. d3 Bd6 {[%emt 0:02:30]} 9. Nc3 {[%emt 0:06:00]} Nbd7 {[%emt 0:07:30]} 10. e4 {[%emt 0:01:30]} dxe4 {[%emt 0:01:30]} 11. dxe4 {[%emt 0:00:00]} Bxf3 12. Bxf3 {[%emt 0:00:00]} h5 {[%emt 0:08:00]} 13. Be2 {[%emt 0:21:30]} b5 {[%emt 0:07:30]} 14. Qc2 {[%emt 0:09:30]} b4 {[%emt 0:22:30]} 15. Na4 {[%emt 0:02:30]} Nb6 {[%emt 0:03:30]} 16. b3 {[%emt 0:15:30]} Nxa4 17. bxa4 {[%emt 0:00:00]} Be5 {[%emt 0:10:00]} 18. Rb1 {[%emt 0:02:00]} a5 19. Be3 {[%emt 0:03:30]} O-O {[%emt 0:03:00]} 20. f4 Bc3 {[%emt 0:00:30]} 21. e5 {[%emt 0:04:00]} Nd5 {[%emt 0:01:30]} 22. Bc5 h4 {[%emt 0:03:30]} 23. Qe4 {[%emt 0:04:00]} Rfe8 {[%emt 0:01:30]} 24. Bd3 {[%emt 0:00:30]} g6 {[%emt 0:02:30]} 25. gxh4 {[%emt 0:02:30]} Qd7 26. Qf3 {[%emt 0:21:52]} Bd2 {[%emt 0:07:02]} 1/2-1/2

[Event "41st Arco Open 2019"]
[Site "Arco"]
[Date "2019.10.12"]
[Round "9"]
[White "Molnar, Bela"]
[Black "Vezzosi, Paolo"]
[Result "0-1"]
[WhiteElo "2305"]
[BlackElo "2235"]
[Annotator "ChessBase"]
[PlyCount "76"]
[EventDate "2019.10.04"]
[EventType "swiss"]
[EventCountry "ITA"]
[SourceTitle "playchess.com"]
[Source "ChessBase"]
[SourceQuality "1"]
[TimeControl "40/5400+30:1800+30"]

1. e4 {[%emt 0:00:30]} c6 {[%emt 0:00:30]} 2. c4 {[%emt 0:00:30]} e5 {[%emt 0:00:00]} 3. Nf3 {[%emt 0:00:00]} d6 {[%emt 0:00:00]} 4. d4 {[%emt 0:00:00]} Qc7 5. Nc3 {[%emt 0:00:30]} Nf6 {[%emt 0:03:00]} 6. Be2 Bg4 {[%emt 0:00:30]} 7. Be3 {[%emt 0:02:00]} Nbd7 {[%emt 0:02:30]} 8. O-O Be7 {[%emt 0:00:30]} 9. Nd2 {[%emt 0:04:00]} Bxe2 {[%emt 0:01:30]} 10. Qxe2 {[%emt 0:00:00]} O-O {[%emt 0:02:30]} 11. d5 {[%emt 0:03:00]} Rfe8 12. Rfc1 {[%emt 0:10:30]} a5 {[%emt 0:23:00]} 13. b3 h6 {[%emt 0:00:30]} 14. a3 {[%emt 0:03:00]} Nh7 {[%emt 0:19:30]} 15. g3 {[%emt 0:31:30]} Bg5 {[%emt 0:01:30]} 16. f4 {[%emt 0:00:00]} exf4 {[%emt 0:00:30]} 17. gxf4 {[%emt 0:00:00]} Bf6 {[%emt 0:00:00]} 18. Qd3 {[%emt 0:00:00]} Rac8 {[%emt 0:00:00]} 19. Kh1 {[%emt 0:00:00]} Ndf8 {[%emt 0:18:30]} 20. Bd4 {[%emt 0:00:00]} Ng6 {[%emt 0:00:30]} 21. Rf1 {[%emt 0:00:00]} Qd8 {[%emt 0:02:30]} 22. Rae1 Bxd4 {[%emt 0:00:30]} 23. Qxd4 {[%emt 0:00:00]} Qh4 24. Re2 {[%emt 0:08:30]} Nf6 {[%emt 0:00:00]} 25. dxc6 {[%emt 0:04:30]} bxc6 26. f5 {[%emt 0:02:30]} Nf4 {[%emt 0:05:04]} 27. Qf2 {[%emt 0:12:51]} Qxf2 {[%emt 0:00:47]} 28. Rexf2 {[%emt 0:00:00]} Nd3 {[%emt 0:00:20]} 29. Rg2 {[%emt 0:00:00]} Rb8 {[%emt 0:00:52]} 30. Rf3 {[%emt 0:00:00]} Ne1 31. Rfg3 {[%emt 0:00:00]} Nxg2 {[%emt 0:00:30]} 32. Kxg2 Kf8 {[%emt 0:01:06]} 33. Rd3 {[%emt 0:01:39]} Ke7 {[%emt 0:00:00]} 34. c5 {[%emt 0:00:30]} dxc5 {[%emt 0:01:38]} 35. Nc4 {[%emt 0:05:43]} Rxb3 {[%emt 0:03:26]} 36. e5 {[%emt 0:00:00]} Ne4 {[%emt 0:01:58]} 37. f6+ {[%emt 0:00:00]} gxf6 {[%emt 0:02:09]} 38. exf6+ {[%emt 0:00:00]} Kf8 {[%emt 0:00:00]} 0-1

[Event "41st Arco Open 2019"]
[Site "Arco"]
[Date "2019.10.12"]
[Round "9"]
[White "Welling, Gerard"]
[Black "Kostov, Kiril"]
[Result "1-0"]
[WhiteElo "2302"]
[BlackElo "1832"]
[Annotator "ChessBase"]
[PlyCount "47"]
[EventDate "2019.10.04"]
[EventType "swiss"]
[EventCountry "ITA"]
[SourceTitle "playchess.com"]
[Source "ChessBase"]
[SourceQuality "1"]
[TimeControl "40/5400+30:1800+30"]

1. d4 {[%emt 0:00:30]} d5 {[%emt 0:01:30]} 2. Nf3 {[%emt 0:00:00]} Nf6 {[%emt 0:00:00]} 3. e3 {[%emt 0:00:00]} e6 {[%emt 0:01:00]} 4. Bd3 {[%emt 0:01:30]} c5 5. c3 {[%emt 0:00:30]} Nbd7 {[%emt 0:02:00]} 6. Nbd2 b6 {[%emt 0:00:30]} 7. O-O {[%emt 0:01:00]} Bb7 {[%emt 0:00:30]} 8. Ne5 {[%emt 0:02:30]} Nxe5 {[%emt 0:00:30]} 9. dxe5 {[%emt 0:00:00]} Nd7 {[%emt 0:00:00]} 10. f4 {[%emt 0:00:00]} Be7 {[%emt 0:01:00]} 11. e4 {[%emt 0:08:30]} Qc7 {[%emt 0:02:30]} 12. exd5 {[%emt 0:00:00]} exd5 {[%emt 0:00:30]} 13. Qg4 {[%emt 0:02:00]} g6 14. Nf3 {[%emt 0:01:30]} O-O-O {[%emt 0:06:00]} 15. f5 {[%emt 0:05:30]} gxf5 {[%emt 0:07:30]} 16. Qxf5 {[%emt 0:02:30]} Rdf8 {[%emt 0:04:30]} 17. Bh6 {[%emt 0:00:30]} Re8 {[%emt 0:01:30]} 18. Qxf7 {[%emt 0:16:30]} Nxe5 {[%emt 0:00:00]} 19. Nxe5 {[%emt 0:00:00]} Qxe5 {[%emt 0:06:00]} 20. Rae1 {[%emt 0:01:00]} Qd6 {[%emt 0:00:30]} 21. Bf5+ {[%emt 0:04:30]} Kd8 {[%emt 0:04:30]} 22. Re6 Qd7 {[%emt 0:01:30]} 23. Rxe7 {[%emt 0:00:00]} Qxe7 24. Bg5 {[%emt 0:00:30]} 1-0

[Event "41st Arco Open 2019"]
[Site "Arco"]
[Date "2019.10.12"]
[Round "9"]
[White "Sedina, Elena"]
[Black "Petrov, Nikita"]
[Result "0-1"]
[WhiteElo "2294"]
[BlackElo "2586"]
[Annotator "ChessBase"]
[PlyCount "55"]
[EventDate "2019.10.04"]
[EventType "swiss"]
[EventCountry "ITA"]
[SourceTitle "playchess.com"]
[Source "ChessBase"]
[SourceQuality "1"]
[TimeControl "40/5400+30:1800+30"]

1. e4 {[%emt 0:00:30]} d6 {[%emt 0:00:30]} 2. d4 {[%emt 0:00:30]} Nf6 {[%emt 0:00:30]} 3. Bd3 {[%emt 0:00:30]} e5 {[%emt 0:00:00]} 4. c3 {[%emt 0:00:30]} d5 5. dxe5 {[%emt 0:00:30]} Nxe4 {[%emt 0:01:30]} 6. Nf3 {[%emt 0:02:30]} Nc5 {[%emt 0:02:30]} 7. Bc2 {[%emt 0:03:30]} Bg4 {[%emt 0:07:30]} 8. Nbd2 {[%emt 0:14:30]} Nc6 {[%emt 0:12:30]} 9. O-O {[%emt 0:08:30]} Be7 {[%emt 0:05:30]} 10. b4 {[%emt 0:34:30]} Ne6 {[%emt 0:05:30]} 11. Qe2 {[%emt 0:03:30]} O-O {[%emt 0:35:30]} 12. Rd1 {[%emt 0:02:30]} Re8 {[%emt 0:00:00]} 13. b5 {[%emt 0:19:05]} Na5 {[%emt 0:00:00]} 14. Nf1 {[%emt 0:00:09]} Nc4 {[%emt 0:01:30]} 15. Ne3 Nxe3 {[%emt 0:07:45]} 16. Bxe3 {[%emt 0:04:15]} c6 17. c4 {[%emt 0:00:34]} d4 {[%emt 0:03:15]} 18. h3 Bxf3 {[%emt 0:01:18]} 19. Qxf3 {[%emt 0:01:00]} Bc5 20. bxc6 {[%emt 0:00:23]} bxc6 {[%emt 0:05:17]} 21. Bf5 Qc7 {[%emt 0:00:39]} 22. Bxe6 {[%emt 0:02:38]} dxe3 23. Rd7 {[%emt 0:00:51]} exf2+ {[%emt 0:01:20]} 24. Kf1 Qxe5 {[%emt 0:00:08]} 25. Qxf7+ {[%emt 0:00:28]} Kh8 26. Rad1 {[%emt 0:00:17]} Rxe6 {[%emt 0:03:39]} 27. Rd8+ {[%emt 0:00:23]} Re8 {[%emt 0:00:00]} 28. Qxe8+ {[%emt 0:00:00]} 0-1

[Event "41st Arco Open 2019"]
[Site "Arco"]
[Date "2019.10.12"]
[Round "9"]
[White "Dittmar, Peter"]
[Black "Cardili, Mariano"]
[Result "1-0"]
[WhiteElo "2253"]
[BlackElo "2079"]
[Annotator "ChessBase"]
[PlyCount "69"]
[EventDate "2019.10.04"]
[EventType "swiss"]
[EventCountry "ITA"]
[SourceTitle "playchess.com"]
[Source "ChessBase"]
[SourceQuality "1"]
[TimeControl "40/5400+30:1800+30"]

1. d4 {[%emt 0:00:30]} d5 {[%emt 0:00:30]} 2. c4 {[%emt 0:00:30]} c6 {[%emt 0:00:00]} 3. e3 {[%emt 0:00:00]} Nf6 {[%emt 0:00:00]} 4. Nf3 {[%emt 0:00:00]} Bf5 5. cxd5 {[%emt 0:02:30]} cxd5 {[%emt 0:04:00]} 6. Qb3 {[%emt 0:02:30]} Qc7 {[%emt 0:01:30]} 7. Bd2 {[%emt 0:00:00]} Nc6 {[%emt 0:00:30]} 8. Bb5 {[%emt 0:00:00]} e6 {[%emt 0:01:30]} 9. O-O {[%emt 0:00:30]} Bd6 {[%emt 0:03:30]} 10. Bb4 {[%emt 0:00:00]} O-O {[%emt 0:01:30]} 11. Bxc6 {[%emt 0:02:00]} bxc6 12. Nbd2 {[%emt 0:00:30]} Rab8 {[%emt 0:10:00]} 13. Bxd6 {[%emt 0:14:30]} Qxd6 {[%emt 0:00:30]} 14. Qc3 {[%emt 0:00:00]} Rfc8 {[%emt 0:11:30]} 15. Rfc1 {[%emt 0:00:00]} Nd7 {[%emt 0:05:30]} 16. Nb3 {[%emt 0:00:00]} f6 {[%emt 0:00:00]} 17. h3 {[%emt 0:00:00]} Bg6 {[%emt 0:03:00]} 18. Qa5 {[%emt 0:00:00]} Rb7 {[%emt 0:01:30]} 19. Rc3 {[%emt 0:00:00]} Be4 {[%emt 0:08:30]} 20. Nfd2 {[%emt 0:30:30]} Bg6 {[%emt 0:00:00]} 21. Rac1 {[%emt 0:00:00]} Be8 {[%emt 0:03:00]} 22. Qa6 {[%emt 0:00:00]} Rbc7 {[%emt 0:00:30]} 23. Nc5 {[%emt 0:00:00]} Nxc5 {[%emt 0:00:00]} 24. Rxc5 {[%emt 0:00:00]} Rb8 {[%emt 0:02:00]} 25. b3 {[%emt 0:00:00]} h5 {[%emt 0:02:30]} 26. Qe2 {[%emt 0:00:00]} g5 {[%emt 0:01:30]} 27. e4 {[%emt 0:17:30]} Bg6 {[%emt 0:00:00]} 28. Qf3 {[%emt 0:00:00]} Rf8 {[%emt 0:12:00]} 29. Qe3 {[%emt 0:00:00]} Rfc8 {[%emt 0:00:00]} 30. e5 {[%emt 0:00:00]} fxe5 31. Qxg5 {[%emt 0:00:00]} Rg7 {[%emt 0:10:34]} 32. Qxe5 {[%emt 0:00:00]} Qxe5 {[%emt 0:04:07]} 33. dxe5 {[%emt 0:00:00]} Be8 {[%emt 0:00:00]} 34. Nf3 Rb8 {[%emt 0:00:00]} 35. Nd4 {[%emt 0:00:00]} 1-0

[Event "41st Arco Open 2019"]
[Site "Arco"]
[Date "2019.10.12"]
[Round "9"]
[White "Pasini, Nicolo"]
[Black "Tocco, Paolo"]
[Result "1-0"]
[WhiteElo "2234"]
[BlackElo "2079"]
[Annotator "NA"]
[PlyCount "36"]
[EventDate "2019.10.04"]
[EventType "swiss"]
[EventCountry "ITA"]
[SourceTitle "playchess.com"]
[Source "ChessBase"]
[SourceQuality "1"]
[TimeControl "40/5400+30:1800+30"]

1. e4 {[%emt 0:01:30]} b6 {[%emt 0:00:30]} 2. d4 {[%emt 0:00:00]} Bb7 {[%emt 0:00:30]} 3. Bd3 {[%emt 0:00:00]} Nf6 {[%emt 0:00:00]} 4. Qe2 {[%emt 0:00:30]} e6 5. Nf3 {[%emt 0:00:00]} d5 {[%emt 0:00:00]} 6. e5 {[%emt 0:00:00]} Ne4 {[%emt 0:00:00]} 7. Nbd2 {[%emt 0:00:00]} Nxd2 {[%emt 0:00:00]} 8. Bxd2 c5 {[%emt 0:00:00]} 9. c3 {[%emt 0:00:30]} a5 {[%emt 0:00:00]} 10. Be3 {[%emt 0:00:30]} Ba6 {[%emt 0:01:00]} 11. Bb5+ {[%emt 0:18:30]} Bxb5 {[%emt 0:19:30]} 12. Qxb5+ {[%emt 0:00:30]} Nd7 {[%emt 0:00:00]} 13. O-O {[%emt 0:01:30]} Be7 {[%emt 0:00:00]} 14. c4 {[%emt 0:00:30]} O-O {[%emt 0:00:00]} 15. Rfd1 Qe8 {[%emt 0:00:00]} 16. cxd5 {[%emt 0:09:00]} exd5 17. Qc6 {[%emt 0:02:30]} Nxe5 {[%emt 0:02:00]} 18. Nxe5 {[%emt 0:00:00]} Qd8 {[%emt 0:00:30]} 1-0